000 00593nam a2200193 i 4500
001 51929
003 ES-MaACL
005 20250826083215.0
007 t|
008 030821s1919 sp ||||1| spa d
245 0 0 _aDatos para el estudio del proyecto arancel de 1919.
260 _aBarcelona :
_b[s.n.],
_c1919 (
_fLa Académica)
300 _a575 p. ;
_c28 cm.
500 _aPrecede al tít.: Fomento del Trabajo Nacional.
650 4 _aAranceles-
_zEspaña.
_9135595
710 2 _aFomento del Trabajo Nacional (Cataluña)
_94136
852 _aES-MaACL
_jF-1107
999 _c51929
_d51929